Marco de referencia ambiental del Estero de Urías en Mazatlán, Sinaloa, con influencia de las activiades petroleras :

Estudio evaluatorio que conforma un marco de referencia ambiental del puerto de Mazatlán, Sinaloa y su respectivo antepuerto, conocido también como el Estero de Urías. El documento recoge información sobre la climatología, edafología, uso del suelo, vegetación y fauna de la zona, con el propósito de...

Πλήρης περιγραφή

Αποθηκεύτηκε σε:
Λεπτομέρειες βιβλιογραφικής εγγραφής
Κύριος συγγραφέας: Gallardo Betancourt, Martha S. (autor)
Άλλοι συγγραφείς: Rodríguez Serrano, Horacio (autor) (autor), Zaragoza Mijares, Roberto (autor) (autor), Andrade Gelabert, Guillermo (coordinación) (coordinación)
Μορφή: Βιβλίο
Γλώσσα:Ισπανικά
Έκδοση: México : PEMEX, Gerencia de Información y Relaciones Públicas, 1992, c1992
Έκδοση:2a edición
Θέματα:
Ετικέτες: Προσθήκη ετικέτας
Δεν υπάρχουν, Καταχωρήστε ετικέτα πρώτοι!

MARC

LEADER 00000nam^a2200000^a^4500
001 000123578
005 20250521000000.0
009 20260310094541.744
020 |a 968-6164-95-2 
037 |a Acervo ITESO - Biblioteca 
041 |a ESP 
082 |a 333. 70972327  |b GAL 
100 |a Gallardo Betancourt, Martha S.  |e (autor) 
245 1 0 |a Marco de referencia ambiental del Estero de Urías en Mazatlán, Sinaloa, con influencia de las activiades petroleras :  |c M.S. Gallardo Betancourt, H. Rodríguez Serrano, R. Zaragoza Mijares ; coord. de G. Andrade Gelabert... [et al.]. 
250 |a 2a edición 
264 4 |a México :  |b PEMEX, Gerencia de Información y Relaciones Públicas,  |c 1992, c1992 
300 |a 72 p. 
336 |a texto  |b txt  |2 rdacontenido 
337 |a sin mediación  |b n  |2 rdamedio 
338 |a volumen  |b nc  |2 rdasoporte 
520 |a Estudio evaluatorio que conforma un marco de referencia ambiental del puerto de Mazatlán, Sinaloa y su respectivo antepuerto, conocido también como el Estero de Urías. El documento recoge información sobre la climatología, edafología, uso del suelo, vegetación y fauna de la zona, con el propósito de apoyar la adecuada operación de las instalaciones de Petróleos Mexicanos (PEMEX)en dicho puerto. 
649 |a XX 
650 |a Selva Lacandona 
650 |a Recursos Naturales -  |z Mazatlán, Sinaloa 
650 |a Recursos Naturales -  |z México 
650 |a Petróleo -  |z Mazatlán, Sinaloa 
650 |a Petróleo -  |z México -  |x Aspectos Económicos 
650 |a Conservación y Protección Ambiental -  |z Mazatlán, Sinaloa 
650 |a Conservación y Protección Ambiental -  |z México 
650 |a Desarrollo Sustentable -  |z Mazatlán, Sinaloa 
650 |a Desarrollo Sustentable -  |z México 
650 |a Ecología 
650 |a Ingeniería Ambiental 
650 |a Economía 
700 |a Rodríguez Serrano, Horacio  |e (autor) 
700 |a Zaragoza Mijares, Roberto  |e (autor) 
700 |a Andrade Gelabert, Guillermo  |e (coordinación) 
910 |a Fondo General 
920 |a Impresos - Libros 
930 |a Colección General 
905 |a 101 
901 |a 0500057228  |b IT1  |c ACC  |u 20250521 
902 |a https://opac.biblio.iteso.mx/vufind/Record/000123578